<?xml version="1.0" encoding="UTF-8"?><?xml-stylesheet type="text/xsl" href="static/style.xsl"?><OAI-PMH xmlns="http://www.openarchives.org/OAI/2.0/" xmlns:xsi="http://www.w3.org/2001/XMLSchema-instance" xsi:schemaLocation="http://www.openarchives.org/OAI/2.0/ http://www.openarchives.org/OAI/2.0/OAI-PMH.xsd"><responseDate>2026-04-17T21:25:50Z</responseDate><request verb="GetRecord" identifier="oai:www.recercat.cat:20.500.12328/5208" metadataPrefix="marc">https://recercat.cat/oai/request</request><GetRecord><record><header><identifier>oai:recercat.cat:20.500.12328/5208</identifier><datestamp>2026-02-28T19:54:47Z</datestamp><setSpec>com_2072_67741</setSpec><setSpec>col_2072_484355</setSpec></header><metadata><record xmlns="http://www.loc.gov/MARC21/slim" xmlns:dcterms="http://purl.org/dc/terms/" xmlns:xsi="http://www.w3.org/2001/XMLSchema-instance" xmlns:doc="http://www.lyncode.com/xoai" xsi:schemaLocation="http://www.loc.gov/MARC21/slim http://www.loc.gov/standards/marcxml/schema/MARC21slim.xsd">
   <leader>00925njm 22002777a 4500</leader>
   <datafield ind2=" " ind1=" " tag="042">
      <subfield code="a">dc</subfield>
   </datafield>
   <datafield ind2=" " ind1=" " tag="720">
      <subfield code="a">Garcia-Valdecasas Roca, Alex</subfield>
      <subfield code="e">author</subfield>
   </datafield>
   <datafield ind2=" " ind1=" " tag="260">
      <subfield code="c">2025-11-25</subfield>
   </datafield>
   <datafield ind2=" " ind1=" " tag="520">
      <subfield code="a">Este trabajo presenta una propuesta de tratamiento integrado para el trastorno de&#xd;
personalidad narcisista, fundamentada en una revisión crítica de la literatura reciente.&#xd;
Dada la limitada eficacia de los tratamientos actuales para abordar la totalidad de los&#xd;
síntomas clínicos del trastorno y considerando las altas tasas de abandono terapéutico en&#xd;
los procesos de intervención desde los modelos existentes, se plantea un protocolo que&#xd;
combina aportaciones de la terapia focalizada en la transferencia, la terapia basada en la&#xd;
mentalización, la terapia dialéctico conductual, la terapia de esquemas y la terapia&#xd;
cognitivo conductual. La propuesta organiza la intervención en fases orientadas a abordar&#xd;
los síntomas clínicos del trastorno narcisista de personalidad, la desregulación de la&#xd;
autoestima, la falta de empatía afectiva, las creencias de derecho, la regulación emocional&#xd;
y las dificultades en las dinámicas relacionales. Asimismo, se sugieren medidas&#xd;
estandarizadas para una evaluación pre-post tratamiento de la sintomatología clínica&#xd;
principal del trastorno narcisista de personalidad. El trabajo ofrece un marco teórico&#xd;
unificado que busca mejorar la eficacia clínica, la adherencia terapéutica y la creación de&#xd;
una intervención específica para el trastorno narcisista de personalidad, surayando la&#xd;
necesidad de validación empírica en futuras investigaciones.</subfield>
   </datafield>
   <datafield ind1="8" ind2=" " tag="024">
      <subfield code="a">http://hdl.handle.net/20.500.12328/5208</subfield>
   </datafield>
   <datafield tag="653" ind2=" " ind1=" ">
      <subfield code="a">Transtorno narcisista de la personalidad</subfield>
   </datafield>
   <datafield tag="653" ind2=" " ind1=" ">
      <subfield code="a">Tratamiento integrador</subfield>
   </datafield>
   <datafield tag="653" ind2=" " ind1=" ">
      <subfield code="a">Déficits en empatía</subfield>
   </datafield>
   <datafield tag="653" ind2=" " ind1=" ">
      <subfield code="a">Creencias de derecho</subfield>
   </datafield>
   <datafield tag="653" ind2=" " ind1=" ">
      <subfield code="a">Adherencia terapéutica</subfield>
   </datafield>
   <datafield tag="653" ind2=" " ind1=" ">
      <subfield code="a">Narcissistic personality disorder</subfield>
   </datafield>
   <datafield tag="653" ind2=" " ind1=" ">
      <subfield code="a">Integrative treatment</subfield>
   </datafield>
   <datafield tag="653" ind2=" " ind1=" ">
      <subfield code="a">Deficits in empathy</subfield>
   </datafield>
   <datafield tag="653" ind2=" " ind1=" ">
      <subfield code="a">Entitlement beliefs</subfield>
   </datafield>
   <datafield tag="653" ind2=" " ind1=" ">
      <subfield code="a">Therapeutic adherence</subfield>
   </datafield>
   <datafield tag="653" ind2=" " ind1=" ">
      <subfield code="a">Trastorn de la personalitat narcisista</subfield>
   </datafield>
   <datafield tag="653" ind2=" " ind1=" ">
      <subfield code="a">Tractament integratiu</subfield>
   </datafield>
   <datafield tag="653" ind2=" " ind1=" ">
      <subfield code="a">Deficits en l'empatia</subfield>
   </datafield>
   <datafield tag="653" ind2=" " ind1=" ">
      <subfield code="a">Creences de dret</subfield>
   </datafield>
   <datafield tag="653" ind2=" " ind1=" ">
      <subfield code="a">Adherència terapèutica</subfield>
   </datafield>
   <datafield ind2="0" ind1="0" tag="245">
      <subfield code="a">Tratamientos efectivos para el Trastorno de Personalidad Narcisista y una propuesta de intervención integradora</subfield>
   </datafield>
</record></metadata></record></GetRecord></OAI-PMH>